• 首页
  • 本馆介绍
  • 公告通知
  • 最新文献
  • 馆藏检索
  • 电子资源
  • 读者导购
  • 参考咨询
  • 我的图书馆
  • 登录
  • 详细信息显示
  • 放入我的书架
  • 预约/预借图书
  • 作者相关作品
  • 分类相关作品
  • 丛书相关作品
  • 出版社相关作品

书目信息

  • 表格格式
  • 工作单格式
  • 卡片格式
题名:
现代汉语八百词
    
 
作者: 吕叔湘 主编
分册:  
出版信息: 北京   商务印书馆  1980.05
页数: 668页
开本: 20cm
丛书名:
单 册:
中图分类: H146.2
科图分类:
主题词: 汉语--词类--现代 , 汉语--语法
电子资源:
ISBN:
000 00553nam0 2200205 45
001 0209091564
005 20070720084118.56
010    @dCNY2.00
091    @a9017.903
100    @a20020909d1980 km y0chiy0120 ea
101 0  @achi
200 1  @a现代汉语八百词@AXian Dai Han Yu Ba Bai Ci@f吕叔湘主编@FLu Shu Xiang Zhu Bian
210    @a北京@c商务印书馆@d1980.05
215    @a668页@d20cm
606 0  @a汉语@x词类@x现代
606 0  @a汉语@x语法
690    @aH146.2@v3
701  0 @a吕叔湘@4主编
801    @aCN@bTSTC@c20070720
905    @dH146.2@e109@f1@b171259
    
    现代汉语八百词/吕叔湘主编.-北京:商务印书馆,1980.05
    668页;20cm
    
    
    ISBN :CNY2.00
    
●
相关链接 在E读中查询图书 在五车中查询图书 在当当中查询图书 在豆瓣中查询图书


正题名:现代汉语八百词     索取号:H146.2/109         预约/预借

序号 登录号 条形码 馆藏地/架位号 状态 备注
1 0021596   202146141   密集书库/ [索取号:H146.2/109] 在馆    
2 0029330   001823496   密集书库/ [索取号:H146.2/109] 在馆    
3 0029331   001823487   密集书库/ [索取号:H146.2/109] 在馆    
4 0029332   000860303   第四借阅区/ [索取号:H146.2/109] 在馆    
5 0062424   001922762   密集书库/ [索取号:H146.2/109] 在馆    
6 0062425   001922806   密集书库/ [索取号:H146.2/109] 在馆    
7 0062426   001751143   密集书库/ [索取号:H146.2/109] 在馆    
8 0062427   001751134   密集书库/ [索取号:H146.2/109] 在馆    
9 0062428   001751107   密集书库/ [索取号:H146.2/109] 在馆    
10 0062429   001750563   密集书库/ [索取号:H146.2/109] 在馆    
11 0062430   001750527   密集书库/ [索取号:H146.2/109] 在馆    
12 0062431   001750484   密集书库/ [索取号:H146.2/109] 在馆    
13 0062432   001823566   密集书库/ [索取号:H146.2/109] 在馆    
14 0062433   000834814   第四借阅区/ [索取号:H146.2/109] 在馆    
15 0062434   001720846   密集书库/ [索取号:H146.2/109] 在馆    
16 0062435   001750493   密集书库/ [索取号:H146.2/109] 在馆    
17 0062436   001823520   密集书库/ [索取号:H146.2/109] 在馆    
18 0062437   001720837   密集书库/ [索取号:H146.2/109] 在馆    
19 0062438   001720882   密集书库/ [索取号:H146.2/109] 在馆    
20 0062439   001922682   密集书库/ [索取号:H146.2/109] 在馆    
21 0062441   001922726   密集书库/ [索取号:H146.2/109] 在馆    
22 0062442   001750509   密集书库/ [索取号:H146.2/109] 在馆    
23 0062443   001720793   密集书库/ [索取号:H146.2/109] 在馆    
24 0088897   000860296   第四借阅区/ [索取号:H146.2/109] 在馆    
25 0171259   000860465   第四借阅区/ [索取号:H146.2/109] 在馆    
26 0171260   000860508   第四借阅区/ [索取号:H146.2/109] 在馆    
27 0171261   000860429   第二样本阅览室/ [索取号:H146.2/109] 在馆    
28 0228908   000860385   第四借阅区/ [索取号:H146.2/109] 在馆    
29 0228909   001823600   密集书库/ [索取号:H146.2/109] 在馆    
30 0435931   204359318   密集书库/ [索取号:H146.2/109] 在馆    
31 0462706   204627065   密集书库/ [索取号:H146.2/109] 在馆    
32 0462707   204627074   密集书库/ [索取号:H146.2/109] 在馆    
33 0462708   204627083   密集书库/ [索取号:H146.2/109] 在馆    
34 0769643   207696439   密集书库/ [索取号:H146.2/109] 在馆    
35 0786838   207868388   密集书库/ [索取号:H146.2/109] 在馆    
唐山师范学院图书馆 欢迎您!
大连网信软件有限公司© 版权所有